Pavarotti & Friends (Record no. 99269)
[ view plain ]
| 000 -LEADER | |
|---|---|
| fixed length control field | 04143njm a2200649Ia 4500 |
| 001 - CONTROL NUMBER | |
| control field | B5305 |
| 003 - CONTROL NUMBER IDENTIFIER | |
| control field | IT-RoPAU |
| 005 - DATE AND TIME OF LATEST TRANSACTION | |
| control field | 20220918181114.0 |
| 008 - FIXED-LENGTH DATA ELEMENTS--GENERAL INFORMATION | |
| fixed length control field | 131025s9999 xx 000 0 und d |
| 040 ## - CATALOGING SOURCE | |
| Original cataloging agency | IT-RoPAU |
| 040 ## - CATALOGING SOURCE | |
| Transcribing agency | IT-RoPAU |
| 041 ## - LANGUAGE CODE | |
| Language code of text/sound track or separate title | ITALIANO |
| 999 ## - SYSTEM CONTROL NUMBERS (KOHA) | |
| Koha Dewey Subclass [OBSOLETE] | n.d. |
| 100 ## - MAIN ENTRY--PERSONAL NAME | |
| Personal name | AA.VV. |
| 9 (RLIN) | 794 |
| 100 ## - MAIN ENTRY--PERSONAL NAME | |
| Relator term | Autore musica |
| 9 (RLIN) | 29032 |
| 100 ## - MAIN ENTRY--PERSONAL NAME | |
| Miscellaneous information | Codice autore musica SPICS: 12000 |
| 9 (RLIN) | 796 |
| 245 ## - TITLE STATEMENT | |
| Title | Pavarotti & Friends |
| 250 ## - EDITION STATEMENT | |
| Edition statement | 1a ed. |
| 260 ## - PUBLICATION, DISTRIBUTION, ETC. (IMPRINT) | |
| Place of publication, distribution, etc. | LONDON |
| 260 ## - PUBLICATION, DISTRIBUTION, ETC. (IMPRINT) | |
| Name of publisher, distributor, etc. | DECCA RECORD COMPANY |
| Date of publication, distribution, etc. | 1992 [1a Ed.:1992 - Ed. Lingua Orig.: 1992] |
| 300 ## - PHYSICAL DESCRIPTION | |
| Extent | COMPACT DISC |
| 300 ## - PHYSICAL DESCRIPTION | |
| Dimensions | 62 minuti (Testo: 0 pag.) |
| 500 ## - GENERAL NOTE | |
| General note | Concerto di beneficenza registrato a Modena il 27 settembre 1992 |
| 505 ## - FORMATTED CONTENTS NOTE | |
| Formatted contents note | Panis angelicus [(Pavarotti Luciano) (4:00)] - Miserere [(Pavarotti Luciano) (5:00)] - Muoio per te [(Fornaciari Zucchero) (4:00)] - Caruso [(Pavarotti Luciano) (6:00)] - One More Day [(Fornaciari Zucchero) (5:00)] - Ave Maria [(Neville Aaron) (5:00)] - In Liverpool [(Vega Suzanne) (5:00)] - Sentinel [(Oldfield Mike) (4:00)] - L'urlo [(Fornaciari Zucchero) (4:00)] - Too Much Love Will Kill You [(May Brian) (5:00)] - It's Probably me [(Sting) (6:00)] - Room 19 [(Sha la la la Lee) (Geldof Bob) (5:00)] - Les hommes qui passent [(Kaas Patricia) (4:00)] - La donna è mobile [(Pavarotti Luciano) (3:00)] |
| 511 ## - PARTICIPANT OR PERFORMER NOTE | |
| Participant or performer note | Orchestra da camera Arcangelo Corelli diretta da Sisilli Aldo. |
| 511 ## - PARTICIPANT OR PERFORMER NOTE | |
| Participant or performer note | Pavarotti e Sting |
| 511 ## - PARTICIPANT OR PERFORMER NOTE | |
| Participant or performer note | Pavarotti e Zucchero |
| 511 ## - PARTICIPANT OR PERFORMER NOTE | |
| Participant or performer note | Zucchero e Sting |
| 511 ## - PARTICIPANT OR PERFORMER NOTE | |
| Participant or performer note | Luciano Pavarotti e Lucio Dalla |
| 511 ## - PARTICIPANT OR PERFORMER NOTE | |
| Participant or performer note | Neville Brothers |
| 511 ## - PARTICIPANT OR PERFORMER NOTE | |
| Participant or performer note | Pavarotti Luciano, Sting, Zucchero, Lucio Dalla e Brian May |
| 650 ## - SUBJECT ADDED ENTRY--TOPICAL TERM | |
| Topical term or geographic name as entry element | ARRANGIAMENTO [COMPACT DISC] |
| Relator term | Codice MATERIA SPICS: 9949 |
| 9 (RLIN) | 29033 |
| 700 ## - ADDED ENTRY--PERSONAL NAME | |
| Personal name | Pavarotti Luciano |
| Miscellaneous information | Codice interprete SPICS: 8113 |
| Relator term | Interprete |
| 9 (RLIN) | 29034 |
| 700 ## - ADDED ENTRY--PERSONAL NAME | |
| Personal name | Franck Cesar |
| Miscellaneous information | Codice autore musica SPICS: 11500 |
| Relator term | Autore musica |
| Name of part/section of a work | Panis angelicus |
| 9 (RLIN) | 29035 |
| 700 ## - ADDED ENTRY--PERSONAL NAME | |
| Personal name | Fornaciari Zucchero |
| Miscellaneous information | Codice autore musica SPICS: 10901 |
| Relator term | Autore musica |
| Name of part/section of a work | Miserere - Muoio per te - L'urlo |
| 9 (RLIN) | 29036 |
| 700 ## - ADDED ENTRY--PERSONAL NAME | |
| Personal name | Bono Alessandro |
| Miscellaneous information | Codice autore SPICS: 18199 |
| Relator term | Autore |
| Name of part/section of a work | Miserere |
| 9 (RLIN) | 29037 |
| 700 ## - ADDED ENTRY--PERSONAL NAME | |
| Personal name | Sting |
| Miscellaneous information | Codice autore musica SPICS: 13152 |
| Relator term | Autore musica |
| Name of part/section of a work | Muoio per te - It's Probably me |
| 9 (RLIN) | 29038 |
| 700 ## - ADDED ENTRY--PERSONAL NAME | |
| Personal name | Dalla Lucio |
| Miscellaneous information | Codice autore testo/musica SPICS: 10843 |
| Relator term | Autore testo/musica |
| Name of part/section of a work | Caruso |
| 9 (RLIN) | 29039 |
| 700 ## - ADDED ENTRY--PERSONAL NAME | |
| Personal name | Neville Brother (The) |
| Miscellaneous information | Codice autore musica SPICS: 33156 |
| Relator term | Autore musica |
| Name of part/section of a work | One More Day |
| 9 (RLIN) | 29040 |
| 700 ## - ADDED ENTRY--PERSONAL NAME | |
| Personal name | Wolinski K. |
| Miscellaneous information | Codice autore SPICS: 25080 |
| Relator term | Autore |
| Name of part/section of a work | One More Day |
| 9 (RLIN) | 29041 |
| 700 ## - ADDED ENTRY--PERSONAL NAME | |
| Personal name | Schubert Franz |
| Miscellaneous information | Codice autore musica SPICS: 10690 |
| Relator term | Autore musica |
| Name of part/section of a work | Ave Maria |
| 9 (RLIN) | 29042 |
| 700 ## - ADDED ENTRY--PERSONAL NAME | |
| Personal name | Neville Aaron |
| Miscellaneous information | Codice autore SPICS: 38384 |
| Relator term | Autore |
| Name of part/section of a work | Ave Maria |
| 9 (RLIN) | 29043 |
| 700 ## - ADDED ENTRY--PERSONAL NAME | |
| Personal name | Vega Suzanne |
| Miscellaneous information | Codice autore testo/musica SPICS: 21783 |
| Relator term | Autore testo/musica |
| Name of part/section of a work | In Liverpool |
| 9 (RLIN) | 29044 |
| 700 ## - ADDED ENTRY--PERSONAL NAME | |
| Personal name | Oldfield Mike |
| Miscellaneous information | Codice autore testo/musica SPICS: 8107 |
| Relator term | Autore testo/musica |
| Name of part/section of a work | Sentinel |
| 9 (RLIN) | 29045 |
| 700 ## - ADDED ENTRY--PERSONAL NAME | |
| Personal name | Moss |
| Miscellaneous information | Codice autore SPICS: 38385 |
| Relator term | Autore |
| Name of part/section of a work | L'urlo |
| 9 (RLIN) | 29046 |
| 700 ## - ADDED ENTRY--PERSONAL NAME | |
| Personal name | Brown |
| Miscellaneous information | Codice autore testo/musica SPICS: 20445 |
| Relator term | Autore testo/musica |
| Name of part/section of a work | L'urlo |
| 9 (RLIN) | 29047 |
| 700 ## - ADDED ENTRY--PERSONAL NAME | |
| Personal name | May Brian |
| Miscellaneous information | Codice autore musica SPICS: 28585 |
| Relator term | Autore musica |
| Name of part/section of a work | Too Much Love Will Kill You |
| 9 (RLIN) | 29048 |
| 700 ## - ADDED ENTRY--PERSONAL NAME | |
| Personal name | Lamers |
| Miscellaneous information | Codice autore SPICS: 38386 |
| Relator term | Autore |
| Name of part/section of a work | Too Much Love Will Kill You |
| 9 (RLIN) | 29049 |
| 700 ## - ADDED ENTRY--PERSONAL NAME | |
| Personal name | Musker |
| Miscellaneous information | Codice autore testo/musica SPICS: 38387 |
| Relator term | Autore testo/musica |
| Name of part/section of a work | Too Much Love Will Kill You |
| 9 (RLIN) | 29050 |
| 700 ## - ADDED ENTRY--PERSONAL NAME | |
| Personal name | Clapton Eric |
| Miscellaneous information | Codice autore SPICS: 10830 |
| Relator term | Autore |
| Name of part/section of a work | It's Probably me |
| 9 (RLIN) | 29051 |
| 700 ## - ADDED ENTRY--PERSONAL NAME | |
| Personal name | Kamen |
| Miscellaneous information | Codice autore testo/musica SPICS: 5157 |
| Relator term | Autore musica |
| Name of part/section of a work | It's Probably me |
| 9 (RLIN) | 29052 |
| 700 ## - ADDED ENTRY--PERSONAL NAME | |
| Personal name | Geldof Bob |
| Miscellaneous information | Codice autore testo/musica SPICS: 38389 |
| Relator term | Autore testo/musica |
| Name of part/section of a work | Room 19 (Sha la la la Lee) |
| 9 (RLIN) | 29053 |
| 700 ## - ADDED ENTRY--PERSONAL NAME | |
| Personal name | Kaas Patricia |
| Miscellaneous information | Codice autore testo/musica SPICS: 38390 |
| Relator term | Autore testo/musica |
| Name of part/section of a work | Les hommes qui passent |
| 9 (RLIN) | 29054 |
| 700 ## - ADDED ENTRY--PERSONAL NAME | |
| Personal name | Verdi Giuseppe |
| Miscellaneous information | Codice autore musica SPICS: 89 |
| Relator term | Autore musica |
| Name of part/section of a work | La donna è mobile |
| 9 (RLIN) | 29055 |
| 700 ## - ADDED ENTRY--PERSONAL NAME | |
| Personal name | Piave Francesco Maria |
| Miscellaneous information | Codice autore testo SPICS: 12281 |
| Relator term | Autore testo |
| Name of part/section of a work | La donna è mobile |
| 9 (RLIN) | 29056 |
| 942 ## - ADDED ENTRY ELEMENTS (KOHA) | |
| Koha item type | CD AUDIO |
| Source of classification or shelving scheme | Dewey Decimal Classification |
| Withdrawn status | Lost status | Damaged status | Not for loan | Home library | Current library | Date acquired | Total Checkouts | Full call number | Date last seen | Price effective from | Koha item type | Public note |
|---|---|---|---|---|---|---|---|---|---|---|---|---|
| Buone Condizioni | Not For Loan | SPICS-MEDIATECA | SPICS-MEDIATECA | 25/10/2013 | B5305 | 25/10/2013 | 25/10/2013 | CD AUDIO | Progr. Ins.: 693 / N.Vol.: 1 / Copie: 1 - Copia rara: n.d. / date import: 01.01.2014 - By Epidotti, Trombetti, Vaglietti |